<?xml version="1.0" encoding="UTF-8"?><marc:collection xmlns:marc="http://www.loc.gov/MARC21/slim">
  <marc:record>
    <marc:leader>00000nam##2200000za#4500</marc:leader>
    <marc:controlfield tag="001">9.605985</marc:controlfield>
    <marc:controlfield tag="003">CaOODSP</marc:controlfield>
    <marc:controlfield tag="005">20210624212409</marc:controlfield>
    <marc:controlfield tag="007">cr |||||||||||</marc:controlfield>
    <marc:controlfield tag="008">150406|1999||||xxc|||||o    f|0| 0 fre|d</marc:controlfield>
    <marc:datafield tag="040" ind1=" " ind2=" ">
      <marc:subfield code="a">CaOODSP</marc:subfield>
      <marc:subfield code="b">fre</marc:subfield>
    </marc:datafield>
    <marc:datafield tag="043" ind1=" " ind2=" ">
      <marc:subfield code="a">n-cn---</marc:subfield>
    </marc:datafield>
    <marc:datafield tag="086" ind1="1" ind2=" ">
      <marc:subfield code="a">En133-5/1-1999F-PDF</marc:subfield>
    </marc:datafield>
    <marc:datafield tag="110" ind1="2" ind2=" ">
      <marc:subfield code="a">Table ronde nationale sur l'environnement et l'économie (Canada)</marc:subfield>
    </marc:datafield>
    <marc:datafield tag="245" ind1="1" ind2="0">
      <marc:subfield code="a">Pouvoir législatif de mettre en oeuvre un système national d'échange de droits d'émission / </marc:subfield>
      <marc:subfield code="h">[ressource électronique]</marc:subfield>
      <marc:subfield code="c">par Elizabeth Atkinson. </marc:subfield>
    </marc:datafield>
    <marc:datafield tag="260" ind1=" " ind2=" ">
      <marc:subfield code="a">Ottawa - Ontario : </marc:subfield>
      <marc:subfield code="b">Table ronde nationale sur l'environnement et l'économie </marc:subfield>
      <marc:subfield code="c">Février 1999.</marc:subfield>
    </marc:datafield>
    <marc:datafield tag="300" ind1=" " ind2=" ">
      <marc:subfield code="a">95p.</marc:subfield>
      <marc:subfield code="b">références, tableaux</marc:subfield>
    </marc:datafield>
    <marc:datafield tag="490" ind1="1" ind2=" ">
      <marc:subfield code="a">Droits d'échange d'émission nationaux des gaz à effet de serre, série de documents techniques</marc:subfield>
    </marc:datafield>
    <marc:datafield tag="500" ind1=" " ind2=" ">
      <marc:subfield code="a">«Le présent document et les deux autres qui y sont joints portent plus précisément sur la répartition des pouvoirs législatifs entre les gouvernements fédéral et provinciaux, et sur l'incertitude qu'engendre cette division lorsqu'on tente de déterminer quel niveau de gouvernement est habilité à mettre en oeuvre un système d'échange de droits d'émission de gaz à effet de serre au Canada.»--Introduction.</marc:subfield>
    </marc:datafield>
    <marc:datafield tag="520" ind1="3" ind2=" ">
      <marc:subfield code="a">Le présent document et les deux autres qui y sont joints portent plus précisément sur la répartition des pouvoirs législatifs entre les gouvernements fédéral et provinciaux, et sur l'incertitude qu'engendre cette division lorsqu'on tente de déterminer quel niveau de gouvernement est habilité à mettre en oeuvre un système d'échange de droits d'émission de gaz à effet de serre au Canada.--Introduction</marc:subfield>
    </marc:datafield>
    <marc:datafield tag="590" ind1=" " ind2=" ">
      <marc:subfield code="a">13-19-Supp</marc:subfield>
      <marc:subfield code="b">2013-08-14</marc:subfield>
    </marc:datafield>
    <marc:datafield tag="691" ind1="0" ind2="7">
      <marc:subfield code="a">Droit de l'environnement</marc:subfield>
      <marc:subfield code="2">gcpds</marc:subfield>
    </marc:datafield>
    <marc:datafield tag="691" ind1="0" ind2="7">
      <marc:subfield code="a">Effet de serre</marc:subfield>
      <marc:subfield code="2">gcpds</marc:subfield>
    </marc:datafield>
    <marc:datafield tag="691" ind1="0" ind2="7">
      <marc:subfield code="a">Gestion de l'environnement</marc:subfield>
      <marc:subfield code="2">gcpds</marc:subfield>
    </marc:datafield>
    <marc:datafield tag="691" ind1="0" ind2="7">
      <marc:subfield code="a">Lutte contre la pollution</marc:subfield>
      <marc:subfield code="2">gcpds</marc:subfield>
    </marc:datafield>
    <marc:datafield tag="775" ind1="0" ind2="8">
      <marc:subfield code="t">The legislative authority to implement a domestic emissions trading system / </marc:subfield>
      <marc:subfield code="w">(CaOODSP)9.577173</marc:subfield>
    </marc:datafield>
    <marc:datafield tag="776" ind1="0" ind2="#">
      <marc:subfield code="t">Pouvoir législatif de mettre en oeuvre un système national d'échange de droits d'émission / </marc:subfield>
      <marc:subfield code="w">(CaOODSP)9.625349</marc:subfield>
    </marc:datafield>
    <marc:datafield tag="830" ind1="#" ind2="0">
      <marc:subfield code="a">Droits d'échange d'émission nationaux des gaz à effet de serre, série de documents techniques.</marc:subfield>
      <marc:subfield code="w">(CaOODSP)9.503944</marc:subfield>
    </marc:datafield>
    <marc:datafield tag="856" ind1="4" ind2="0">
      <marc:subfield code="a">http://publications.gc.ca</marc:subfield>
      <marc:subfield code="q">PDF</marc:subfield>
      <marc:subfield code="s">10492 Ko</marc:subfield>
      <marc:subfield code="u">https://publications.gc.ca/collections/collection_2013/trnee-nrtee/En133-5-1-1999-fra.pdf</marc:subfield>
    </marc:datafield>
  </marc:record>
</marc:collection>
